Steal A Brainrot All Brainrots - Statistics

General Stats
  • This quiz has been taken 1,065 times
    77 since last reset
  • The average score is 25 of 429
Answer Stats
Rarity Income Answer % Correct
Common $1 Noobini Pizzanini
71%
OG $750M Strawberry Elephant
46%
Secret $250M Dragon Cannelloni
38%
OG $600M Meowl
38%
Common $5 Tim Cheese
35%
Secret $1.5M Tung Tung Tung Sahur
35%
OG $450M Skibidi Toilet
33%
Secret (Admin Lucky Block) $7.5M 67
31%
Common $3 Lirilì Larilà
31%
Common $9 Talpa Di Fero
31%
OG (Witch Fuse) $550M Headless Horseman
27%
Common $13 Pipi Kiwi
27%
Epic $100 Brr Brr Patapim
25%
Secret (Santa Fuse) $350M Dragon Gingerini
25%
Common (Fuse Machine) $14 Pipi Corni
23%
Common (Santa Fuse) $11 Noobini Santanini
21%
Common $12 Raccooni Jandelini
21%
Mythical $9.5K Te Te Te Sahur
21%
Brainrot God (Craft Machine) $35M Dug Dug Dug
19%
Secret (Divine Fuse) $400M Griffin
19%
Secret (2nd Fuse) $300M Hydra Dragon Cannelloni
19%
Rare $55 Ta Ta Ta Ta Sahur
19%
Epic (Fuse Machine) $225 Ti Ti Ti Sahur
19%
Common $7 Fluriflura
17%
Secret (Admin Lucky Block, Brainrot Trader) $10M La Grande Combinasion
17%
Secret $325K La Vacca Saturno Saturnita
17%
Secret (Los Lucky Block) $22.5M Los 67
17%
Common (Witch Fuse) $13 Tartaragno
17%
Brainrot God $50K Tralalero Tralala
17%
Rare $15 Trippi Troppi
17%
Secret Lucky Block $175M Celestial Pegasus
15%
Secret $700K Job Job Job Sahur
15%
Secret $650K Las Tralaleritas
15%
Brainrot God (Los Lucky Block) $235K Los Orcalitos
15%
Secret $500K Los Tralaleritos
15%
Legendary $1.1K Pipi Potato
15%
Secret $37.5M Tictac Sahur
15%
Brainrot God $100K Tralalita Tralala
15%
Secret $2.5M 25
13%
Legendary $500 Ballerina Cappuccina
13%
Rare $35 Bandito Bobritto
13%
Rare $40 Boneca Ambalabu
13%
Epic $75 Cappuccino Assassino
13%
Brainrot God $19K Cocofanto Elefanto
13%
Mythical $2K Frigo Camelo
13%
Secret $50M Garama And Madundung
13%
Brainrot God $20K Girafa Celestre
13%
Secret (Leprechaun Lucky Block) $45M Gold Gold Gold
13%
Secret $66M Guest 666
13%
Common (Divine Fuse) $14 Holy Arepa
13%
Secret (Egg Lucky Block) $185M Hydra Bunny
13%
Secret $30M La Jolly Grande
13%
Secret (Fuse Machine) $200M La Supreme Combinasion
13%
Secret (Los Lucky Block, Fuse Machine) $15M Los Combinasionas
13%
Secret (Cyber Craft) $75M Los Hackers
13%
Secret (Los Lucky Blocks) $110M Los Sekolahs
13%
Brainrot God $50K Matteo
13%
Secret $1.5M Nooo My Hotspot
13%
Brainrot God $75K Odin Din Din Dun
13%
Secret Lucky Block $2.5M Pot Hotspot
13%
Secret (Craft Machine) $105M Signore Carapace
13%
Common $10 Svinina Bombardino
13%
Secret $2.2M To To To Sahur
13%
Secret $1.1M 1x1x1x1
10%
Brainrot God (Admin Lucky Block) $85K Alessio
10%
Secret $160M Capitano Moby
10%
Mythical (Admin Lucky Block) $13.5K Carloo
10%
Secret (Craft Machine) $85M Elefanto Frigo
10%
Mythical (Santa Fuse) $12.2K Jingle Jingle Sahur
10%
Secret $7.5M John Doe
10%
Secret (2nd Fuse) $145M Ketupat Bros
10%
Secret $23.5M La Extinct Grande
10%
Secret $40M La Lucky Grande
10%
Secret (Festive Lucky Block) $10M Los 25
10%
Secret (Los Taco Blocks) $130M Los Amigos
10%
Secret (Craft Machine) $24M Los Bros
10%
Epic (Fuse Machine) $300 Penguino Cocosino
10%
Legendary (Fuse Machine) $1.3K Pi Pi Watermelon
10%
Secret $325K Sammyni Spyderini
10%
Secret Lucky Block $60M Spaghetti Tualetti
10%
Secret (Craft Machine) $27.5M Tralaledon
10%
Epic $275 Wombo Rollo
10%
Secret (Fuse Machine) $425K Agarrini La Palini
8%
Secret (Craft Machine) $55M Antonio
8%
Secret $15M Bananito
8%
Mythical $2.5K Bombardiro Crocodilo
8%
Epic $175 Brri Brri Bicus Dicus Bombicus
8%
Secret $850K Buntteo
8%
Brainrot God (Spooky Lucky Block) $285K Cappuccino Clownino
8%
Secret $175M Cerberus
8%
Legendary $300 Chimpanzini Bananini
8%
Secret (Santa Fuse) $155M Cooki And Milki
8%
Rare (Brainrot Trader) $60 Cupcake Koala
8%
Epic (Brainrot Trader) $260 Doi Doi Do
8%
Secret $375K Dul Dul Dul
8%
Secret Lucky Block $30M Esok Sekolah
8%
Secret (Witch Fuse) $31.5M Eviledon
8%
Secret $625K Extinct Matteo
8%
Secret $450K Extinct Tralalero
8%
Secret $700K Frankentteo
8%
Rare $30 Gangster Footera
8%
Secret $75M Ginger Gerat
8%
Brainrot God (Witch Fuse) $150K Jacko Jack Jack
8%
Secret (Spooky Lucky Block) $100M La Casa Boo
8%
Secret $475K La Cucaracha
8%
Secret (Festive Lucky Block) $75M La Ginger Sekolah
8%
Secret Lucky Block $125M La Secret Combinasion
8%
Secret (Craft Machine) $17.5M Las Sis
8%
Secret $750K Las Vaquitas Saturnitas
8%
Mythical (Craft Machine, Cyber Craft) $12.5K Los Noobinis
8%
Secret (Taco Lucky Block) $5.5M Los Nooo My Hotspotsitos
8%
Secret (Spooky Lucky Block) $20M Los Spooky Combinasionas
8%
Secret $16.5M Los Sweethearts
8%
Secret (2nd Fuse) $700K Los Trios
8%
Secret $225M Love Love Bear
8%
Secret $12.5M Mariachi Corazoni
8%
Secret $21M Money Money Puggy
8%
Brainrot God (Spooky Lucky Block) $250K Mummy Ambalabu
8%
Secret (Leprechaun Lucky Block) $13.5M Noo my Gold
8%
Secret $15M Nuclearo Dinosauro
8%
Secret (Brainrot Trader) $40M Orcaledon
8%
Brainrot God Lucky Block $100K Orcalero Orcala
8%
Secret (Admin Lucky Block) $70M Sammyni Fattini
8%
Secret (2nd Fuse) $17M Spinny Hammy
8%
Secret $575K Yess My Examine
8%
Secret $500K Zombie Tralala
8%
Brainrot God $300K Appelini
6%
Epic $115 Avocadini Antilopini
6%
Mythical (Fuse Machine) $7K Avocadorilla
6%
Brainrot God $200K Ballerino Lololo
6%
Brainrot God $275K Bambu Bambu Sahur
6%
Epic $150 Bananita Dolphinita
6%
Secret (Admin Lucky Block) $400K Blackhole Goat
6%
Secret $2.2M Bunny Bunny Bunny Sahur
6%
Rare $50 Cacto Hipopotamo
6%
Secret $100M Cash Or Card
6%
Secret $25M Chillin Chili
6%
Legendary (Fuse Machine) $1.2K Cocosini Mama
6%
Secret (Egg Lucky Block) $1.2M Easter Easter Easter Sahur
6%
Secret $3.5M Eid Eid Eid Sahur
6%
Brainrot God $125K Extinct Ballerina
6%
Secret $825K Fishboard
6%
Secret $47M Fishino Clownino
6%
Rare (Santa Fuse) $67 Frogo Elfo
6%
Secret $1M Graipuss Medussi
6%
Secret (Cyber Craft) $42.5M Gym Bros
6%
Secret (Santa Fuse) $3.2M Ho Ho Ho Sahur
6%
Secret $35M Ketupat Kepat
6%
Secret $55M La Easter Grande
6%
Secret (Taco Lucky Block) $90M La Food Combinasion
6%
Secret (Craft Machine) $2M La Sahur Combinasion
6%
Secret $24.5M La Spooky Grande
6%
Secret (Santa Fuse) $600K La Vacca Prese Presente
6%
Secret (Santa Fuse) $23M Los Candies
6%
Secret (Los Taco Blocks) $1.2M Los Cucarachas
6%
Secret (Fuse Machine) $20M Los Hotspotsitos
6%
Secret $30M Los Mariachis
6%
Secret $325K Los Matteos
6%
Secret (Craft Machine) $31M Los Primos
6%
Secret (Brainrot Trader) $70M Los Spaghettis
6%
Secret $450K Los Spyderinis
6%
Secret (Los Lucky Block, Craft Machine) $500K Los Tortus
6%
Secret (Valentines Lucky Block) $1M Love Love Love Sahur
6%
Secret (Leprechaun Lucky Block) $3.7M Luck Luck Luck Sahur
6%
Brainrot God (Brainrot Trader) $280K Noo La Polizia
6%
Secret $5M Noo My Candy
6%
Secret $1.7M Noo My Examine
6%
Secret (Valentines Lucky Block) $13M Noo My Heart
6%
Brainrot God (Leprechaun Lucky Block) $287.5K Patteo
6%
Epic (Santa Fuse) $270 Penguin Tree
6%
Brainrot God Lucky Block $295K Pop Pop Sahur
6%
Legendary $1.5K Puffaball
6%
Secret (Taco Lucky Block) $3M Quesadilla Crocodila
6%
Secret $6M Rang Ring Bus
6%
Secret (Valentines Lucky Block) $165M Rosey And Teddy
6%
Legendary $1.3K Sigma Boy
6%
Secret (Witch Fuse) $80M Spooky And Pumpky
6%
Secret $6.5M Strawberrita
6%
Secret (Brainrot Trader) $13M Swag Soda
6%
Secret $33.5M Tang Tang Keletang
6%
Brainrot God $230K Tractoro Dinosauro
6%
Secret $30M W Or L
6%
Brainrot God $245K Aquanaut
4%
Secret $150M Arcadragon
4%
Legendary (Craft Machine, Cyber Craft) $1.2K Bandito Axolito
4%
Secret (Egg Lucky Block) $16M Baskito
4%
Secret $1.5M Berryno
4%
Secret $325K Bisonte Giuppitere
4%
Secret (Divine Fuse) $170M Bunny and Eggy
4%
Brainrot God (Egg Lucky Block) $270K Bunny Tralala
4%
Secret $150M Burguro And Fryuro
4%
Secret (Taco Lucky Block) $4M Burrito Bandito
4%
Mythical (Brainrot Trader) $15.5K Centrucci Nuclucci
4%
Secret $400K Chachechi
4%
Brainrot God (Taco Lucky Block) $45K Chihuanini Taconini
4%
Legendary (Brainrot Trader) $1K Clickerino Crabo
4%
Secret (Cyber Craft) $200M Digi Narwhal
4%
Secret $17.5M DJ Panda
4%
Secret (Cyber Craft) $90M Duggy Bros
4%
Brainrot God (Egg Lucky Block) $310K Eggdin Egg Egg Dun
4%
Legendary (Cyber Craft) $1.8K Electro Quacko
4%
Secret $67M Festive 67
4%
Secret (Leprechaun Lucky Block) $130M Fortunu And Cashuru
4%
Secret (Brainrot Trader) $100M Fragrama And Chocrama
4%
Epic (Divine Fuse) $250 Gato Celesto
4%
Brainrot God (Taco Lucky Block) $165K Gattito Tacoto
4%
Secret $999K Giftini Spyderini
4%
Secret $950K GOAT
4%
Secret $4M Granny
4%
Secret (Spooky Lucky Block) $315K Jackorilla
4%
Secret $45M Jolly Jolly Sahur
4%
Secret (Cyber Craft) $115M Kalika Bros
4%
Secret $325K Karkerkar Kurkur
4%
Secret $40M La Romantic Grande
4%
Brainrot God (Admin Lucky Block, Los Lucky Block) $220K Los Bombinitos
4%
Secret (Egg Lucky Block) $4.2M Los Bunitos
4%
Secret (Los Taco Blocks) $8.5M Los Burritos
4%
Secret (Divine Fuse) $30M Los Cupids
4%
Secret $20M Los Jolly Combinasionas
4%
Secret (Brainrot Trader) $18.5M Los Planitos
4%
Secret (Brainrot Trader) $30M Los Puggies
4%
Secret (Los Taco Blocks) $4.5M Los Quesadillas
4%
Secret (Craft Machine) $32M Los Tacoritas
4%
Brainrot God (Los Lucky Block, Fuse Machine) $210K Los Tungtungtungcitos
4%
Secret $3.2M Mi Gatito
4%
Brainrot God (Brainrot Trader) $65K Money Money Man
4%
Secret $25M Money Money Reindeer
4%
Secret $50M Nacho Spyder
4%
Secret (Santa Fuse) $3M Naughty Naughty
4%
Secret $6M Noo My Present
4%
Brainrot God (Craft Machine, Cyber Craft) $240K Orcalita Orcala
4%
Brainrot God $215K Pakrahmatmamat
4%
Rare (Divine Fuse $72 Pengolino Nuvoletto
4%
Rare (Witch Fuse) $75 Pinealotto Fruttarino
4%
Rare (Fuse Machine) $70 Pipi Avacado
4%
Secret $1.3M Please My Present
4%
Secret $3M Pot Pumpkin
4%
Brainrot God (Cyber Craft) $320K Pretzo Robo
4%
Epic $250 Salamino Penguino
4%
Secret $800K Santteo
4%
Legendary (Craft Machine, Brainrot Trader) $1.8K Sigma Girl
4%
Brainrot God $290K Skull Skull Skull
4%
Brainrot God (Witch Fuse) $250K Snailenzo
4%
Mythical (2nd Fuse) $13K Spongini Quackini
4%
Mythical (Brainrot Trader) $8K Stoppo Luminino
4%
Secret $40M Swaggy Bros
4%
Secret Lucky Block $350K Torrtuginni Dragonfrutini
4%
Brainrot God $150K Trenostruzzo Turbo 3000
4%
Rare $65 Tric Trac Baraboom
4%
Secret (Festive Lucky Block) $875K Triplito Tralaleritos
4%
Brainrot God $175K Trippi Troppi Troppa Trippa
4%
Epic $125 Trulimero Trulicina
4%
Brainrot God (Fuse Machine) $100K Tukanno Bananno
4%
Secret (Witch Fuse) $500K Vulturino Skeletono
4%
Epic $225 Avocadini Guffo
2%
Secret (2nd Fuse) $24M Bacuru And Egguru
2%
Epic $130 Bambini Crostini
2%
Mythical Lucky Block $16.5K Bananito Bandito
2%
Secret $525K Boatito Auratito
2%
Secret $3.5M Brunito Marsito
2%
Mythical (Craft Machine) $3K Brutto Gialutto
2%
Legendary (Witch Fuse) $1.8K Buho De Fuego
2%
Legendary (Divine Fuse) $1.3K Buho del Cielo
2%
Brainrot God Lucky Block $205K Bulbito Bandito Traktorito
2%
Legendary $200 Burbaloni Loliloli
2%
Secret $3.5M Chicleteira Bicicleteira
2%
Secret $4M Chicleteirina Bicicleteirina
2%
Secret (Egg Lucky Block) $21M Churrito Bunnito
2%
Brainrot God $291K Cocoa Assassino
2%
Brainrot God $250K Corn Corn Corn Sahur
2%
Brainrot God (Witch Fuse) $265K Frio Ninja
2%
Secret (Cyber Craft) $4.5M Futbolini Skatini
2%
Secret (Admin Lucky Block) $550K Guerriro Digitale
2%
Secret (Egg Lucky Block) $55M Hopilikalika Hopilikalako
2%
Secret $2.7M Horegini Boom
2%
Mythical (Witch Fuse) $16.2K Jacko Spaventosa
2%
Secret (Craft Machine) $725K Karker Sahur
2%
Secret $42.5M Ketchuru And Musturu
2%
Secret (Craft Machine) $600K La Karkerkar Combinasion
2%
Brainrot God (Craft Machine) $185K Las Capuchinas
2%
Secret $35M La Taco Combinasion
2%
Secret $45M Lavadorito Spinito
2%
Secret $2M List List List Sahur
2%
Brainrot God (Los Taco Blocks) $160K Los Chihuaninis
2%
Secret (Cyber Craft) $75M Los Chillis
2%
Secret (Los Lucky Block) $1.5M Los Jobcitos
2%
Secret $750K Los Karkeritos
2%
Secret (Witch Fuse) $22M Los Mobilis
2%
Secret $32.5M Lovin Rose
2%
Secret (Cyber Craft) $47M Money Money Bros
2%
Epic (Witch Fuse) $325 Mummio Rappitto
2%
Secret $7M Noo My Eggs
2%
Brainrot God $225K Pakrahmatmatina
2%
Epic $160 Perochello Lemonchello
2%
Secret (2nd Fuse) $170M Popcuru And Fizzuru
2%
Secret (Spooky Lucky Block) $650K Pumpkini Spyderini
2%
Secret (Festive Lucky Block) $140M Reinito Sleighito
2%
Mythical (Craft Machine) $11K Rhino Helicopterino
2%
Mythical $2.1K Rhino Toasterino
2%
Secret (Valentines Lucky Block) $50M Rosetti Tualetti
2%
Secret (Festive Lucky Block) $2.6M Santa Hotspot
2%
Brainrot God (Craft Machine, Brainrot Trader, Cyber Craft) $250K Squalanana
2%
Brainrot God Lucky Block $60K Tigroligre Frutonni
2%
Secret (Craft Machine) $42.5M Tirilikalika Tirilikalako
2%
Mythical (Fuse Machine) $8.5K Tob Tobi Tobi
2%
Secret (Craft Machine) $335K Trenostruzzo Turbo 4000
2%
Secret $26M Tuff Toucan
2%
Brainrot God (Craft Machine, Brainrot Trader) $280K Anpali Babel
0%
Secret $5M Arcadopus
0%
Brainrot God (Divine Fuse) $280K Astrolero Cervalero
0%
Brainrot God $215K Ballerina Peppermintina
0%
Mythical (Cyber Craft) $13.5K Bee Loco
0%
Mythical (Cyber Craft $18.5K Bee Loco
0%
Brainrot God (Craft Machine, Brainrot Trader) $290K Belula Beluga
0%
Mythical (Divine Fuse) $18K Berenjello Angello
0%
Legendary $1K Blueberrinni Octopusini
0%
Brainrot God (2nd Fuse) $270K Boba Panda
0%
Brainrot God $225K Bombardini Tortinii
0%
Mythical $5K Bombombini Gusini
0%
Secret $80M Boppin Bunny
0%
Brainrot God $285K Brasilini Berimbini
0%
Brainrot God (Fuse Machine) $225K Brr es Teh Patipum
0%
Brainrot God $267.5K Buho De Noelo
0%
Secret (Cyber Craft) $2.75M Buho de Volto
0%
Secret $3M Bunito Bunito Spinito
0%
Secret $1.5M Bunnyman
0%
Brainrot God $240K Cacasito Satalito
0%
Mythical $13K Cachorrito Melonito
0%
Secret (Cyber Craft) $17.5M Camera Ramena
0%
Brainrot God $155K Capi Taco
0%
Legendary (Craft Machine) $1K Caramello Filtrello
0%
Mythical Lucky Block $15K Carrotini Brainini
0%
Mythical $7.5K Cavallo Virtuoso
0%
Secret (Craft Machine) $22.5M Celularcini Viciosini
0%
Legendary $600 Chef Crabracadabra
0%
Secret (Valentines Lucky Block) $17.5M Chicleteira Cupideira
0%
Secret (Santa Fuse) $15M Chicleteira Noelteira
0%
Secret (2nd Fuse) $4M Chill Puppy
0%
Secret (Festive Lucky Block) $14M Chimnino
0%
Secret $25M Chipso And Queso
0%
Legendary (Santa Fuse) $1.4K Chocco Bunny
0%
Brainrot God (Festive Lucky Block) $277.5K Chrismasmamat
0%
Secret (Divine Fuse) $20M Cigno Fulgoro
0%
Secret $60M Cloverat Clapat
0%
Brainrot God (Leprechaun Lucky Block) $305K Clovkur Kurkur
0%
Brainrot God (Admin Lucky Block) $235K Crabbo Limonetta
0%
Secret (Brainrot Trader) $1.4M Cuadramat And Pakrahmatmamat
0%
Secret $3.1M Cupid Cupid Sahur
0%
Secret (Valentines Lucky Block) $3.5M Cupid Hotspot
0%
Brainrot God (Divine Fuse) $160K Divino Platypio
0%
Secret $65M Ventoliero Pavonero
0%
Brainrot God (2nd Fuse) $294.5K Dolphini Jetskini
0%
Secret $7.5M Donkeyturbo Express
0%
Brainrot God (Divine Fuse) $315K Dumborino Miracello
0%
Brainrot God $70K Espresso Signora
0%
Mythical (2nd Fuse) $17.2K Fizzy Soda
0%
Secret $115M Foxini Lanternini
0%
Secret (Craft Machine) $32.5M Fragola La La La
0%
Epic (Witch Fuse $240 Frogato Pirato
0%
Mythical (Fuse Machine) $9K Ganganzelli Trulala
0%
Brainrot God $35K Gattatino Nyanino
0%
Brainrot God (Santa Fuse) $293.5K Ginger Cisterna
0%
Brainrot God (Santa Fuse) $257.5K Ginger Globo
0%
Secret $27.5M Globa Steppa
0%
Legendary $750 Glorbo Fruttodrillo
0%
Secret $27.5M Gobblino Uniciclino
0%
Mythical $8K Gorilla Watermelondrillo
0%
Mythical (Craft Machine) $7.7K Gorillo Subwoofero
0%
Brainrot God $260K Granchiello Spiritell
0%
Mythical (Divine Fuse) $14K Harpuccino
0%
Brainrot God (Valentines Lucky Block) $297.5K Karkerheart Luvkur
0%
Brainrot God $290K Krupuk Pagi Pagi
0%
Secret $850K La Vacca Jacko Linterino
0%
Secret (Leprechaun Lucky Block) $1.1M La Vacca Lepre Lepreino
0%
Brainrot God $255K Lazy Ducky
0%
Mythical $8.7K Lerulerulerule
0%
Legendary $650 Lionel Cactuseli
0%
Secret $7M Los Chicleteiras
0%
Brainrot God $55K Los Crocodillitos
0%
Brainrot God (Los Taco Blocks) $275K Los Gattitos
0%
Secret $6.5M Los Mi Gatitos
0%
Brainrot God (Taco Lucky Block, Los Lucky Block) $260K Los Tipi Tacos
0%
Brainrot God (Valentines Lucky Block) $282.5K Luv Luv Luv
0%
Mythical (Witch Fuse) $12K Magi Ribbitini
0%
Epic (Craft Machine) $140 Malame Amarele
0%
Epic (Craft Machine, Brainrot Trader) $235 Mangolini Parrocini
0%
Brainrot God Lucky Block $275K Mastodontico Telepiedone
0%
Secret (Witch Fuse) $26M Mieteteira Bicicleteira
0%
Mythical $2.1K Orangutini Ananassini
0%
Secret $125M Pancake And Syrup
0%
Legendary $1.2K Pandaccini Bananini
0%
Brainrot God (Festive Lucky Block) $294K Pandanini Frostini
0%
Secret (Divine Fuse) $900K Paradiso Axolottino
0%
Secret $1M Perrito Burrito
0%
Brainrot God $225K Piccione Macchina
0%
Brainrot God (Craft Machine, Brainrot Trader) $270K Piccionetta Macchina
0%
Brainrot God $200K Pineapolino
0%
Secret (Brainrot Trader) $2.5M Pirulitoita Bicicleteira
0%
Secret $65M Quackini Snackini
0%
Legendary (Witch Fuse) $1.2K Quackula
0%
Secret $3.5M Quesadillo Vampiro
0%
Legendary $900 Quivioli Ameleonni
0%
Secret $600K Reindeer Tralala
0%
Secret $42.5M Rico Dinero
0%
Secret $650K Rocco Disco
0%
Legendary (Santa Fuse) $1.9K Sealo Regalo
0%
Secret (Divine Fuse) $5.5M Serafinna Medusella
0%
Legendary (Divine Fuse) $1.9K Seraphino Gruyero
0%
Secret (Leprechaun Lucky Block) $18.5M Snailo Clovero
0%
Mythical Lucky Block $3.5K Spironiro Golubiro
0%
Legendary $1.1K Strawberelli Flamingelli
0%
Secret $12.5M Tacorillo Crocodillo
0%
Secret $16.5M Tacorita Bicicleta
0%
Brainrot God $250K Tartaruga Cisterna
0%
Secret (Spooky Lucky Block) $2M Telemorte
0%
Brainrot God (Witch Fuse) $292.5K Tentacolo Tecnico
0%
Mythical Lucky Block $6.5K Tigrilini Watermelini
0%
Brainrot God $75K Tipi Topi Taco
0%
Mythical $16K Toiletto Focaccino
0%
Brainrot God $260K Tootini Shrimpini
0%
Mythical $12K Tracoducotulu Delapeladustuz
0%
Mythical (Santa Fuse) $17K Tree Tree Tree Sahur
0%
Brainrot God (Cyber Craft) $255K Trenoturbo Axolotrico 9000
0%
Secret (Spooky Lucky Block) $900K Trickolino
0%
Brainrot God $75K Unclito Samito
0%
Brainrot God $150K Urubini Flamenguini
0%
Brainrot God $125K Vampire Cappucina
0%
Brainrot God (Santa Fuse) $257.5K Yeti Claus
0%
Mythical Lucky Block $6K Zibra Zubra Zibralini
0%
No matching quizzes found
Score Distribution
Percent of People with Each Score
Percentile by Number Answered
Your Score History
You have not taken this quiz since the last reset